[Event "Championnat de France - Open A"]
[Site "Nimes"]
[Date "2009.08.13"]
[Round "3.7"]
[White "Fantinel, Thibault"]
[Black "Chamba, Antoine"]
[Result "1-0"]
[WhiteElo "2089"]
[BlackElo "2125"]
[PlyCount "103"]

1. e4 e5 2. Nf3 Nc6 3. Bb5 a6 4. Ba4 Nf6 5. O-O Be7 6. Re1 b5 7. Bb3 O-O 8. d4
Nxd4 9. Bxf7+ Rxf7 10. Nxe5 Ne6 11. Nxf7 Kxf7 12. e5 Ne8 13. Qf3+ Kg8 14. Qxa8
c6 15. Be3 N8c7 16. Qa7 Nd5 17. Nc3 Nb4 18. Rad1 Qf8 19. a3 Nxc2 20. Re2 Nxe3
21. Qxe3 Nf4 22. Ree1 a5 23. Ne4 Nd5 24. Qb3 a4 25. Qg3 b4 26. Nd6 Ba6 27. Rxd5
cxd5 28. axb4 Bc4 29. Nxc4 dxc4 30. Qg4 Bxb4 31. Qxc4+ Kh8 32. Rc1 a3 33. bxa3
Bxa3 34. Qc8 Kg8 35. Qxf8+ Kxf8 36. Rd1 Ke7 37. f4 Bc5+ 38. Kf1 Ke6 39. Ke2 d6
40. exd6 Bxd6 41. Kf3 Be7 42. Ke4 Bd6 43. g4 Bc7 44. h4 Bd6 45. Ra1 Bc5 46.
Ra6+ Kf7 47. Rc6 Bf2 48. h5 h6 49. Kf5 Bh4 50. Rc7+ Kg8 51. Kg6 Kf8 52. Rxg7
1-0

[Event "Championnat de France - Open A"]
[Site "Nimes"]
[Date "2009.08.13"]
[Round "3.8"]
[White "Gidel, Jean-Louis"]
[Black "Billon, Olivier"]
[Result "0-1"]
[WhiteElo "2157"]
[BlackElo "1991"]
[PlyCount "112"]

1. c3 e5 2. d4 exd4 3. cxd4 d5 4. Nc3 Nf6 5. Bg5 Be7 6. e3 O-O 7. Bd3 c6 8.
Nge2 Nbd7 9. O-O Ne4 10. Bf4 Ndf6 11. f3 Nxc3 12. Nxc3 Nh5 13. Be5 f6 14. Bg3
Nxg3 15. hxg3 Bd6 16. f4 Be6 17. Qh5 f5 18. Kf2 g6 19. Qd1 c5 20. Qd2 a6 21. a4
Rb8 22. Be2 c4 23. Bf3 Be7 24. Qd1 h5 25. a5 Kg7 26. Ra2 Bb4 27. Qa4 Be7 28.
Qd1 Bb4 29. Qa1 h4 30. gxh4 Qxh4+ 31. g3 Qd8 32. Rh1 Qd6 33. Qg1 Rh8 34. Rxh8
Rxh8 35. Qg2 Qd8 36. Bxd5 Bxd5 37. Qxd5 Qxd5 38. Nxd5 c3 39. bxc3 Rh2+ 40. Kf3
Rxa2 41. cxb4 Rb2 42. e4 Rb3+ 43. Ne3 Rxb4 44. exf5 Rxd4 45. fxg6 Kxg6 46. g4
Ra4 47. g5 Rxa5 48. Kg4 Ra4 49. Ng2 b5 50. Nh4+ Kf7 51. Kf5 b4 52. g6+ Kg7 53.
Kg5 Ra5+ 54. Nf5+ Rxf5+ 55. Kxf5 b3 56. Ke6 b2 0-1

[Event "Championnat de France - Open A"]
[Site "Nimes"]
[Date "2009.08.13"]
[Round "3.9"]
[White "Marciniak, Alexandre"]
[Black "Labadie, Jean-Jacques"]
[Result "0-1"]
[WhiteElo "2152"]
[BlackElo "2069"]
[PlyCount "72"]

1. e4 e6 2. d4 d5 3. Nc3 Nf6 4. Bg5 Bb4 5. e5 h6 6. Bd2 Bxc3 7. bxc3 Ne4 8. Qg4
Kf8 9. Qf4 c5 10. Bd3 Nxd2 11. Qxd2 Nc6 12. Nf3 Qa5 13. dxc5 Qxc5 14. O-O Na5
15. Nd4 Bd7 16. f4 Rc8 17. f5 Ke7 18. Qf2 exf5 19. Bxf5 Rhf8 20. e6 Bxe6 21.
Rae1 Qxc3 22. Nxe6 fxe6 23. Rxe6+ Kd8 24. Qf4 Qc5+ 25. Rf2 Nc4 26. Rg6 Rc7 27.
Qh4+ Qe7 28. Qd4 Qe1+ 29. Rf1 Qe3+ 30. Qxe3 Nxe3 31. Rd6+ Ke8 32. Bg6+ Ke7 33.
Re6+ Kxe6 34. Rxf8 Nxc2 35. Re8+ Kf6 36. Bd3 Nb4 0-1

[Event "Championnat de France - Open A"]
[Site "Nimes"]
[Date "2009.08.13"]
[Round "3.10"]
[White "Guennoun, Anthony"]
[Black "Lewertowski, Gabriel"]
[Result "1-0"]
[WhiteElo "2151"]
[BlackElo "2055"]
[PlyCount "50"]

1. e4 g6 2. d4 Bg7 3. Nc3 d6 4. Be3 a6 5. f4 b5 6. Nf3 Nd7 7. e5 Nh6 8. Bd3 Bb7
9. e6 fxe6 10. Ng5 Nf8 11. Qe2 Nf5 12. Bxb5+ axb5 13. Qxb5+ c6 14. Qxb7 Nxe3
15. Qxc6+ Nd7 16. Nxe6 Qc8 17. Nxg7+ Kf7 18. Qe4 Nc4 19. Ne6 Nf6 20. Ng5+ Ke8
21. Qd3 Ra5 22. b3 Nb6 23. O-O Nh5 24. Rae1 Rf5 25. Qe3 Rg8 1-0

[Event "Championnat de France - Open A"]
[Site "Nimes"]
[Date "2009.08.14"]
[Round "4.1"]
[White "Loiseau, Quentin"]
[Black "Girard, Eric"]
[Result "1-0"]
[WhiteElo "2093"]
[BlackElo "2150"]
[PlyCount "77"]
[EventDate "2009.??.??"]

1. e4 e6 2. d4 d5 3. Nd2 Nf6 4. e5 Nfd7 5. c3 c5 6. f4 Nc6 7. Ndf3 Qb6 8. a3
cxd4 9. cxd4 Be7 10. b4 O-O 11. h4 f6 12. Ra2 Nxd4 13. Qxd4 fxe5 14. Qxb6 axb6
15. fxe5 Bxb4+ 16. Bd2 Rxa3 17. Rxa3 Bxa3 18. Ne2 Bb2 19. Bc3 Bxc3+ 20. Nxc3
Rf4 21. Bd3 Nc5 22. Kd2 Bd7 23. Rb1 Be8 24. Rb2 Bh5 25. Ne2 Rg4 26. g3 Ra4 27.
Nfd4 Bxe2 28. Nxe2 Nxd3 29. Kxd3 Re4 30. Rxb6 Rxe5 31. Rxb7 Rf5 32. Nd4 Rf1 33.
Ke2 Rf6 34. Rc7 Rg6 35. Kf2 Rg4 36. Nxe6 Re4 37. Rxg7+ Kh8 38. Rxh7+ Kxh7 39.
Ng5+ 1-0

[Event "Championnat de France - Open A"]
[Site "Nimes"]
[Date "2009.08.14"]
[Round "4.2"]
[White "Billon, Olivier"]
[Black "Ribeiro, Romain"]
[Result "0-1"]
[WhiteElo "1991"]
[BlackElo "2141"]
[PlyCount "65"]
[EventDate "2009.??.??"]

1. e4 c5 2. Nf3 d6 3. d4 cxd4 4. Nxd4 Nf6 5. Nc3 a6 6. Bg5 e6 7. f4 Be7 8. Qf3
Qc7 9. O-O-O Nbd7 10. g4 b5 11. Bxf6 gxf6 12. Bg2 Bb7 13. Rhe1 Nb6 14. g5 b4
15. gxf6 bxc3 16. fxe7 cxb2+ 17. Kb1 Na4 18. Rd3 Rc8 19. Rb3 Qa5 20. Qe3 Nc3+
21. Kxb2 Qxa2+ 22. Kc1 Nb5 23. Rb2 Qa1+ 24. Rb1 Qa4 25. Nb3 Kxe7 26. f5 Rxc2+
27. Kxc2 Rc8+ 28. Kd1 Nc3+ 29. Kd2 Nxb1+ 30. Ke2 Nc3+ 31. Kf1 Qxb3 32. Qg5+ Kf8
33. f6 0-1

[Event "Championnat de France - Open A"]
[Site "Nimes"]
[Date "2009.08.14"]
[Round "4.3"]
[White "Guezennec, Franck"]
[Black "Fantinel, Thibault"]
[Result "0-1"]
[WhiteElo "2178"]
[BlackElo "2089"]
[PlyCount "60"]
[EventDate "2009.??.??"]

1. e4 c5 2. Nf3 e6 3. d4 cxd4 4. Nxd4 Nc6 5. Nc3 Qc7 6. Be3 a6 7. Qd2 Nf6 8. f3
Ne5 9. O-O-O b5 10. g4 h6 11. Bf4 Bb7 12. Ndxb5 axb5 13. Nxb5 Qb8 14. Qc3 Nd3+
15. Rxd3 Qxf4+ 16. Kb1 Bc6 17. Rd1 Qb8 18. Qb3 Be7 19. h4 O-O 20. g5 Nh5 21. c4
Qf4 22. gxh6 Qxh6 23. Rg1 Rab8 24. Qc2 Bf6 25. a4 Qe3 26. Bg2 Rfc8 27. Qd2 Qb3
28. Bf1 Qxa4 29. e5 Bxe5 30. Rg5 Bf4 0-1

[Event "Championnat de France - Open A"]
[Site "Nimes"]
[Date "2009.08.14"]
[Round "4.4"]
[White "Benmesbah, Natacha"]
[Black "Evrard, Anthony"]
[Result "1-0"]
[WhiteElo "2151"]
[BlackElo "2092"]
[PlyCount "99"]
[EventDate "2009.??.??"]

1. e4 e5 2. Bc4 Nf6 3. d4 exd4 4. Nf3 Nc6 5. e5 d5 6. Bb5 Ne4 7. Nxd4 Bd7 8.
Bxc6 bxc6 9. O-O Be7 10. f3 Nc5 11. f4 O-O 12. f5 Ne4 13. f6 gxf6 14. Bh6 fxe5
15. Nf5 Bxf5 16. Rxf5 Bc5+ 17. Kf1 Qh4 18. Qh5 Qxh5 19. Rxh5 Rfe8 20. Nc3 f6
21. Nxe4 dxe4 22. Ke2 Rab8 23. Rh3 Rbd8 24. Rf1 Re6 25. Rh4 Bf8 26. Be3 Red6
27. Rxe4 Kg7 28. Ra4 Kg6 29. Rxa7 R6d7 30. g4 Bg7 31. a4 h5 32. gxh5+ Kxh5 33.
a5 Kg6 34. a6 f5 35. Rg1+ Kf7 36. Rb7 f4 37. Bc1 e4 38. Bxf4 Bd4 39. Rf1 Ke6
40. Bxc7 Ra8 41. Bb6 Bxb6 42. Rxb6 Rh8 43. Rh1 Kd5 44. Rb7 Rxb7 45. axb7 Kd4
46. h4 Rb8 47. h5 Rxb7 48. h6 Rh7 49. Rh3 e3 50. Rh4+ 1-0

[Event "Championnat de France - Open A"]
[Site "Nimes"]
[Date "2009.08.14"]
[Round "4.5"]
[White "Milesi, Laurent"]
[Black "Guennoun, Anthony"]
[Result "1/2-1/2"]
[WhiteElo "2091"]
[BlackElo "2151"]
[PlyCount "50"]
[EventDate "2009.??.??"]

1. b3 e5 2. Bb2 Nc6 3. e3 Nf6 4. c4 d5 5. cxd5 Nxd5 6. a3 Bd6 7. Qc2 O-O 8. Nf3
Qe7 9. d3 Kh8 10. Be2 f5 11. Nbd2 Bd7 12. O-O Rae8 13. Rfd1 e4 14. dxe4 Nxe3
15. fxe3 fxe4 16. Nc4 exf3 17. Bxf3 Ne5 18. Nxe5 Bxe5 19. Bd4 Bxd4 20. exd4
Qe3+ 21. Kh1 Bh3 22. Rf1 c6 23. Rad1 Bf5 24. Qc4 Be6 25. d5 Bxd5 1/2-1/2

[Event "Championnat de France - Open A"]
[Site "Nimes"]
[Date "2009.08.14"]
[Round "4.6"]
[White "Amoyal, Pierre"]
[Black "Labadie, Jean-Jacques"]
[Result "1-0"]
[WhiteElo "2139"]
[BlackElo "2069"]
[PlyCount "93"]
[EventDate "2009.??.??"]

1. d4 Nf6 2. c4 e6 3. Nf3 d5 4. Nc3 Be7 5. g3 O-O 6. Bg2 dxc4 7. O-O a6 8. Ne5
Nc6 9. Nxc6 bxc6 10. Bxc6 Rb8 11. e3 Qd6 12. Bg2 c5 13. d5 exd5 14. Nxd5 Rd8
15. Nxe7+ Qxe7 16. Qc2 Be6 17. e4 Qb7 18. Rb1 Qb5 19. Bf4 Rb7 20. Bg5 Rd3 21.
Bxf6 gxf6 22. e5 Bf5 23. exf6 Rb6 24. Qc1 Rdd6 25. Qg5+ Bg6 26. h4 h6 27. Qxh6
Rxf6 28. Qg5 Kh7 29. Rbe1 Rf5 30. Qg4 Qxb2 31. Be4 Re5 32. h5 Bxe4 33. Rxe4 Rf6
34. Rxc4 Ref5 35. Qe4 Kg7 36. h6+ Kxh6 37. Qe3+ Kg7 38. a4 Qb6 39. Qc3 Qc6 40.
Rg4+ Kf8 41. Rb1 Qd6 42. Rf1 Qc6 43. Qd2 Rd6 44. Qb2 Re6 45. Qb1 Qf3 46. Qb8+
Re8 47. Qd6+ 1-0

[Event "Championnat de France - Open A"]
[Site "Nimes"]
[Date "2009.08.14"]
[Round "4.7"]
[White "Le Ruyet, Leopold"]
[Black "Muller, Anne"]
[Result "0-1"]
[WhiteElo "2058"]
[BlackElo "2130"]
[Annotator "Rivier,Sylvain"]
[PlyCount "72"]
[EventDate "2009.??.??"]

1. e4 c5 2. Nf3 d6 3. d4 cxd4 4. Nxd4 Nf6 5. Nc3 e6 6. Bg5 h6 7. Bh4 Be7 8.
Ndb5 Nc6 9. Bxf6 gxf6 10. Qd2 a6 11. Nd4 Bd7 12. f4 b5 13. f5 Qb6 14. Nxc6 Bxc6
15. fxe6 fxe6 16. O-O-O O-O-O 17. Qe1 Qb7 18. Bd3 Rhg8 19. Qe2 Kb8 20. a4 Rg5
21. h4 Re5 22. axb5 axb5 23. Qd2 h5 24. b4 Qa7 25. Kb2 Qd4 26. Kb3 d5 27. Ne2
Qb6 28. exd5 Bxd5+ 29. Kb2 Bxg2 30. Rhg1 Bf3 31. Qf4 Qe3 32. Qh2 Bd6 33. Rg3
Rd5 34. Rxf3 Qxf3 35. Qg1 Be5+ 36. Nc3 R5d6 {suite illisible} 0-1

[Event "Championnat de France - Open A"]
[Site "Nimes"]
[Date "2009.08.14"]
[Round "4.8"]
[White "De La Fontaine, Christophe"]
[Black "Suez-Panama, Gilles"]
[Result "1/2-1/2"]
[WhiteElo "2010"]
[BlackElo "2122"]
[PlyCount "43"]
[EventDate "2009.??.??"]

1. e4 e6 2. d4 d5 3. Nc3 Nf6 4. Bg5 Be7 5. e5 Nfd7 6. h4 c5 7. Bxe7 Kxe7 8.
dxc5 Nc6 9. f4 Nxc5 10. Qg4 Kf8 11. O-O-O h5 12. Qg3 Qa5 13. Nf3 a6 14. Nd2 b5
15. Qf2 b4 16. Ne2 Bb7 17. Nd4 Rc8 18. Kb1 Qb6 19. N2b3 Nxd4 20. Qxd4 a5 21.
Nxc5 Qxc5 22. Qxc5+ 1/2-1/2

[Event "Championnat de France - Open A"]
[Site "Nimes"]
[Date "2009.08.14"]
[Round "4.9"]
[White "Forestier, Carole"]
[Black "Ruffenach, Alain"]
[Result "1-0"]
[WhiteElo "2111"]
[BlackElo "2019"]
[PlyCount "160"]
[EventDate "2009.??.??"]

1. d4 g6 2. c4 Bg7 3. Nc3 Nf6 4. e4 d6 5. f4 c5 6. d5 e6 7. Nf3 exd5 8. cxd5
O-O 9. Be2 Re8 10. e5 Ng4 11. h3 Nh6 12. g4 dxe5 13. fxe5 Nd7 14. Bg5 Qb6 15.
Qd2 Nxe5 16. Nxe5 Rxe5 17. O-O-O Rxg5 18. Qxg5 f6 19. Qh4 Nf7 20. Rhf1 Bd7 21.
Qg3 Ne5 22. Kb1 c4 23. Rf4 Rc8 24. d6 f5 25. g5 Nd3 26. Bxd3 Bxc3 27. Qf2 Qxf2
28. Rxf2 Bd4 29. Bxc4+ Rxc4 30. Rf4 Kf7 31. Rdxd4 Rxd4 32. Rxd4 Ke6 33. Kc2 Ke5
34. Rh4 Kxd6 35. Rxh7 Bc6 36. Kd3 Ke5 37. Ke3 f4+ 38. Kf2 Kf5 39. h4 Kg4 40. b3
a6 41. Rg7 Be4 42. Re7 Bc6 43. Re6 Kxh4 44. Rxg6 Kh5 45. Rg7 Be4 46. b4 Bd5 47.
a3 Bc6 48. Rg8 Be4 49. Re8 Bc6 50. Re5 Kg6 51. Ke2 Kh5 52. Kd3 Kg6 53. Kd4 Bg2
54. Kd3 Bc6 55. Ke2 Bh1 56. Kf2 Bc6 57. Kg1 Bf3 58. Kh2 Bc6 59. Kh3 Kh5 60. Kh2
Kg6 61. Kg1 Bf3 62. Kf2 Bc6 63. Ke1 Bf3 64. a4 Bc6 65. b5 axb5 66. axb5 Bf3 67.
Kf2 Bh1 68. b6 Kh5 69. Kg1 Bf3 70. Kh2 Bc6 71. Rc5 Bf3 72. Kh3 Bh1 73. Rf5 Bc6
74. Rxf4 Kxg5 75. Kg3 Bh1 76. Rf8 Kg6 77. Kf4 Kg7 78. Rf5 Bc6 79. Ke5 Bh1 80.
Kd6 Bc6 1-0

[Event "Championnat de France - Open A"]
[Site "Nimes"]
[Date "2009.08.14"]
[Round "4.10"]
[White "Feryn, Alexandre"]
[Black "Lallement, Victor"]
[Result "1/2-1/2"]
[WhiteElo "1994"]
[BlackElo "2106"]
[PlyCount "60"]
[EventDate "2009.??.??"]

1. e4 c5 2. Nf3 d6 3. c3 Nf6 4. Be2 e6 5. O-O Be7 6. Re1 O-O 7. Bf1 b6 8. d4
Bb7 9. Bd3 d5 10. e5 Ne4 11. Nbd2 cxd4 12. cxd4 Nxd2 13. Bxd2 Nc6 14. Rc1 Rc8
15. Bb1 Re8 16. Qc2 g6 17. Qd3 f6 18. exf6 Bxf6 19. Ne5 Nxe5 20. dxe5 Rxc1 21.
Bxc1 Bg7 22. Qg3 Qe7 23. a3 Rc8 24. Bg5 Qf7 25. h4 Ba6 26. Bd2 Kh8 27. Qg5 Bf8
28. Re3 Be7 29. Qg3 Rf8 30. b4 Qf4 1/2-1/2

[Event "Championnat de France - Open A"]
[Site "Nimes"]
[Date "2009.08.15"]
[Round "5.1"]
[White "Fantinel, Thibault"]
[Black "Loiseau, Quentin"]
[Result "1-0"]
[WhiteElo "2089"]
[BlackElo "2093"]
[PlyCount "79"]
[EventDate "2009.??.??"]

1. e4 e5 2. Nf3 Nc6 3. Bb5 a6 4. Ba4 Nf6 5. O-O b5 6. Bb3 Bc5 7. a4 Rb8 8. c3
d6 9. d3 h6 10. Nbd2 O-O 11. h3 Bb6 12. Re1 Nh5 13. Nf1 Qf6 14. Be3 Bxe3 15.
fxe3 Be6 16. axb5 axb5 17. Kh2 g6 18. Ra6 Bd7 19. g4 Ng7 20. Ng3 Kh8 21. Rf1
Qe7 22. Qd2 Ra8 23. Rxa8 Rxa8 24. d4 Rf8 25. Bc2 Rd8 26. Bd3 Na5 27. Qe2 Rb8
28. b4 Nc4 29. Ra1 exd4 30. exd4 h5 31. Bxc4 bxc4 32. Qe3 Kh7 33. gxh5 gxh5 34.
Rf1 f5 35. Qf4 fxe4 36. Nxe4 Rf8 37. Nfg5+ Kg8 38. Nf6+ Rxf6 39. Qxf6 Qxf6 40.
Rxf6 1-0

[Event "Championnat de France - Open A"]
[Site "Nimes"]
[Date "2009.08.15"]
[Round "5.2"]
[White "Ribeiro, Romain"]
[Black "Benmesbah, Natacha"]
[Result "1/2-1/2"]
[WhiteElo "2141"]
[BlackElo "2151"]
[PlyCount "74"]
[EventDate "2009.??.??"]

1. e4 c5 2. Nc3 Nc6 3. Nf3 g6 4. d4 cxd4 5. Nxd4 Bg7 6. Be3 d6 7. Qd2 Nf6 8. f3
O-O 9. O-O-O d5 10. exd5 Nxd5 11. Nxc6 bxc6 12. Nxd5 cxd5 13. Bh6 e6 14. Bxg7
Kxg7 15. Qd4+ Qf6 16. f4 Bb7 17. Be2 Qxd4 18. Rxd4 f6 19. Rb4 Bc6 20. Bf3 Rab8
21. Rxb8 Rxb8 22. Re1 Kf7 23. c3 Ke7 24. Bg4 Bd7 25. Kc2 Kd6 26. g3 Rb7 27. b3
e5 28. Bxd7 Rxd7 29. fxe5+ fxe5 30. Rf1 e4 31. Kd2 d4 32. cxd4 Kd5 33. Rf8 Kxd4
34. Re8 Rf7 35. Rd8+ Ke5 36. Re8+ Kd4 37. Rd8+ Ke5 1/2-1/2

[Event "Championnat de France - Open A"]
[Site "Nimes"]
[Date "2009.08.15"]
[Round "5.3"]
[White "Donskoi, Karel"]
[Black "Amoyal, Pierre"]
[Result "0-1"]
[WhiteElo "2007"]
[BlackElo "2139"]
[PlyCount "138"]
[EventDate "2009.??.??"]

1. d4 Nf6 2. Nf3 g6 3. Bf4 Bg7 4. e3 O-O 5. Be2 d6 6. O-O Nc6 7. Nc3 Nd7 8. d5
Nce5 9. Nd4 c5 10. Nb3 a6 11. a4 b6 12. Bg3 f5 13. f4 Nf7 14. Nd2 Bb7 15. Nf3
h6 16. Nh4 Nh8 17. e4 fxe4 18. Nxe4 Bxb2 19. c4 Nf6 20. Bd3 Bc8 21. Nf2 Kg7 22.
Rb1 Bd4 23. Kh1 Nh5 24. Ne4 Nxg3+ 25. hxg3 Rb8 26. Nd2 Bf6 27. Ndf3 Qd7 28. Nh2
Qe8 29. Qc2 Bd7 30. a5 b5 31. Qe2 b4 32. Ng4 Bc3 33. Ne3 Bf6 34. Ng4 Rb7 35.
Nxf6 exf6 36. Qf3 Qc8 37. Rbe1 Bg4 38. Qe4 Bh5 39. f5 g5 40. Ng6 Nxg6 41. fxg6
Qg4 42. Qe6 Qxe6 43. Rxe6 Rd7 44. Bc2 Bxg6 45. Ba4 Rdd8 46. Re7+ Rf7 47. Rfe1
Bd3 48. Bb3 Kf8 49. R7e3 Bf5 50. Ba4 Bd7 51. Bxd7 Rfxd7 52. Re6 Rf7 53. g4 Kg7
54. R1e3 f5 55. gxf5 Rxf5 56. Re7+ Rf7 57. R7e6 h5 58. Rh3 h4 59. Rhe3 g4 60.
Kh2 Rf4 61. Re7+ Kg6 62. R3e6+ Rf6 63. Re4 Kf5 64. g3 Rb8 65. Rf4+ Kg5 66. Rg7+
Rg6 67. Ra7 b3 68. Rf1 Rf6 69. Rg7+ Kh6 0-1

[Event "Championnat de France - Open A"]
[Site "Nimes"]
[Date "2009.08.15"]
[Round "5.4"]
[White "Muller, Anne"]
[Black "Forestier, Carole"]
[Result "1/2-1/2"]
[WhiteElo "2130"]
[BlackElo "2111"]
[PlyCount "61"]
[EventDate "2009.??.??"]

1. e4 e6 2. d4 d5 3. Nd2 Nf6 4. e5 Nfd7 5. Bd3 c5 6. c3 Nc6 7. Ne2 cxd4 8. cxd4
f6 9. exf6 Nxf6 10. Nf3 Bd6 11. O-O Qc7 12. Bg5 O-O 13. Rc1 Ng4 14. Ng3 e5 15.
dxe5 Ngxe5 16. Nxe5 Bxe5 17. b4 Qf7 18. b5 Nd4 19. Be3 Ne6 20. Bc2 Nf4 21. Bb3
Be6 22. Bd4 Bd6 23. Bc5 Bxc5 24. Rxc5 Rac8 25. Rxc8 Rxc8 26. Re1 Rf8 27. Qd2
Bd7 28. a4 Nd3 29. Re2 Nf4 30. Re1 Nd3 31. Re2 1/2-1/2

[Event "Championnat de France - Open A"]
[Site "Nimes"]
[Date "2009.08.15"]
[Round "5.5"]
[White "Guennoun, Anthony"]
[Black "Kirsch, Alain"]
[Result "1-0"]
[WhiteElo "2151"]
[BlackElo "2081"]
[PlyCount "55"]
[EventDate "2009.??.??"]

1. e4 c5 2. Nf3 Nc6 3. Nc3 Nf6 4. Bb5 Nd4 5. e5 Nxb5 6. Nxb5 Nd5 7. O-O a6 8.
g4 Nc7 9. Nc3 d5 10. exd6 Qxd6 11. Ne4 Qc6 12. Re1 Bxg4 13. h3 Bxf3 14. Qxf3
Ne6 15. b3 Nd4 16. Qf4 O-O-O 17. Ng5 f6 18. Nf7 e5 19. Qe4 Qxe4 20. Rxe4 f5 21.
Rxe5 Bd6 22. Rd5 Kc7 23. Nxh8 Rxh8 24. Bb2 Rf8 25. Bxd4 cxd4 26. Re1 Rf6 27.
Rxd4 Bc5 28. Rd5 1-0

[Event "Championnat de France - Open A"]
[Site "Nimes"]
[Date "2009.08.15"]
[Round "5.6"]
[White "Girard, Eric"]
[Black "Lam, Sophie"]
[Result "0-1"]
[WhiteElo "2150"]
[BlackElo "2076"]
[PlyCount "60"]
[EventDate "2009.??.??"]

1. c4 c5 2. Nf3 Nc6 3. d4 cxd4 4. Nxd4 g6 5. e4 Bg7 6. Be3 Nf6 7. Nc3 d6 8. Be2
Bd7 9. O-O O-O 10. Qd2 Nxd4 11. Bxd4 Qa5 12. f3 Rfc8 13. b4 Qxb4 14. Rab1 Qa5
15. Rxb7 Be6 16. Rfb1 Bxc4 17. Bxc4 Rxc4 18. Rxa7 Qd8 19. Rab7 Nxe4 20. Nxe4
Bxd4+ 21. Kh1 d5 22. Ng5 Bf6 23. Nh3 Qa5 24. Qh6 Rac8 25. Rb8 Qxa2 26. f4 Qd2
27. Ng1 Rc1 28. g3 e6 29. Qh3 Kg7 30. Rxc1 Qxc1 0-1

[Event "Championnat de France - Open A"]
[Site "Nimes"]
[Date "2009.08.15"]
[Round "5.7"]
[White "Suez-Panama, Gilles"]
[Black "Maruejols, Claude"]
[Result "1-0"]
[WhiteElo "2122"]
[BlackElo "2044"]
[PlyCount "63"]
[EventDate "2009.??.??"]

1. d4 Nf6 2. Nf3 g6 3. Bf4 d5 4. Nc3 Bg7 5. Qd2 O-O 6. Bh6 Bxh6 7. Qxh6 Ng4 8.
Qf4 c6 9. h3 Nf6 10. g4 Nbd7 11. h4 Kh8 12. h5 Rg8 13. hxg6 fxg6 14. Ng5 Qe8
15. e4 Nf8 16. e5 Rg7 17. Be2 Ng8 18. O-O-O Ne6 19. Qe3 Nxg5 20. Qxg5 Qf7 21.
f4 Bd7 22. Bd3 Rf8 23. Rdf1 e6 24. Qh4 Qe7 25. Qh3 c5 26. dxc5 Qxc5 27. Bxg6
Qe7 28. Bd3 a6 29. Rh2 Rff7 30. g5 Qf8 31. g6 Re7 32. gxh7 1-0

[Event "Championnat de France - Open A"]
[Site "Nimes"]
[Date "2009.08.15"]
[Round "5.8"]
[White "Candy, Romain"]
[Black "De La Fontaine, Christophe"]
[Result "1/2-1/2"]
[WhiteElo "2112"]
[BlackElo "2010"]
[PlyCount "50"]
[EventDate "2009.??.??"]

1. e4 d6 2. d4 Nf6 3. Nc3 Nbd7 4. Nf3 e5 5. Bc4 Be7 6. O-O O-O 7. h3 c6 8. a4
Qc7 9. Bb3 b6 10. Be3 Bb7 11. Re1 a6 12. d5 c5 13. Nd2 Rfe8 14. Bc4 Nf8 15. Ne2
Ng6 16. Ng3 Bc8 17. Bf1 Bd7 18. c4 h6 19. Ra3 Nh7 20. Nf5 Bg5 21. Be2 Rab8 22.
Bg4 Rf8 23. Ng3 Nf6 24. Bxd7 Qxd7 25. Nf5 Bxe3 1/2-1/2

[Event "Championnat de France - Open A"]
[Site "Nimes"]
[Date "2009.08.15"]
[Round "5.9"]
[White "Lallement, Victor"]
[Black "Billon, Olivier"]
[Result "0-1"]
[WhiteElo "2106"]
[BlackElo "1991"]
[PlyCount "56"]
[EventDate "2009.??.??"]

1. e4 c5 2. Nf3 Nc6 3. d4 cxd4 4. Nxd4 Nf6 5. Nc3 e5 6. Ndb5 d6 7. Nd5 Nxd5 8.
exd5 Nb8 9. c4 a6 10. Nc3 Be7 11. Bd3 O-O 12. O-O f5 13. f3 Nd7 14. Be3 g5 15.
b4 e4 16. fxe4 f4 17. Bd4 Bf6 18. Be2 Bxd4+ 19. Qxd4 Ne5 20. Bd1 Qf6 21. Kh1
Qh6 22. Qg1 Nxc4 23. g3 Bh3 24. Be2 Ne3 25. Rf2 f3 26. Bf1 Nxf1 27. Raxf1 Bxf1
28. Qxf1 g4 0-1

[Event "Championnat de France - Open A"]
[Site "Nimes"]
[Date "2009.08.15"]
[Round "5.10"]
[White "Lagunes, Jean-Renaud"]
[Black "Ollier, Milan"]
[Result "1/2-1/2"]
[WhiteElo "2096"]
[BlackElo "2011"]
[PlyCount "83"]
[EventDate "2009.??.??"]

1. e4 c5 2. Nf3 Nc6 3. Bb5 g6 4. Bxc6 dxc6 5. Qe2 Bg4 6. h3 Bxf3 7. Qxf3 Bg7 8.
a4 Nf6 9. d3 Nd7 10. O-O e5 11. a5 Nf8 12. Be3 Ne6 13. Nd2 O-O 14. Nc4 Qc7 15.
Qe2 f5 16. f3 b5 17. axb6 axb6 18. Ra3 Rxa3 19. Nxa3 Nd4 20. Bxd4 cxd4 21. exf5
gxf5 22. f4 exf4 23. Qe6+ Kh8 24. Nc4 b5 25. Nd2 Qc8 26. Qd6 Qe8 27. Nf3 Qe3+
28. Kh1 Qe2 29. Ra1 Qxc2 30. Qd7 Qxd3 31. Ra7 Rg8 32. Ne5 Qb1+ 33. Kh2 h6 34.
Ng6+ Kh7 35. Nf8+ Kh8 36. Ng6+ Kh7 37. Nf8+ Kh8 38. Qf7 Qe1 39. Ng6+ Kh7 40.
Nf8+ Kh8 41. Ng6+ Kh7 42. Nf8+ 1/2-1/2

[Event "Championnat de France - Open A"]
[Site "Nimes"]
[Date "2009.08.16"]
[Round "6.1"]
[White "Amoyal, Pierre"]
[Black "Fantinel, Thibault"]
[Result "1-0"]
[WhiteElo "2139"]
[BlackElo "2089"]
[PlyCount "99"]
[EventDate "2009.??.??"]

1. d4 Nf6 2. c4 e6 3. Nf3 Bb4+ 4. Nbd2 b6 5. g3 Bb7 6. Bg2 O-O 7. O-O Re8 8. a3
Bf8 9. Qc2 c5 10. e4 d5 11. e5 Nfd7 12. dxc5 bxc5 13. cxd5 exd5 14. Nc4 h6 15.
Nd6 Bxd6 16. exd6 Qf6 17. Bf4 Nc6 18. Rfd1 d4 19. b4 cxb4 20. axb4 Rac8 21. Qb3
g5 22. b5 Nd8 23. Bd2 Nc5 24. d7 Nxd7 25. Rxa7 Nc5 26. Qa3 d3 27. Bc3 Qb6 28.
Ba1 Ne4 29. Qb2 f6 30. Qb3+ Kg7 31. Bd4 Nc5 32. Qb4 Nde6 33. Rxb7+ Qxb7 34.
Nxg5 Qe7 35. Bxc5 Qxc5 36. Nxe6+ Rxe6 37. Qg4+ Kf7 38. Bc6 Rcxc6 39. bxc6 Qxc6
40. Qf5 Qc2 41. Qh7+ Ke8 42. Rxd3 Qc1+ 43. Kg2 Qc6+ 44. Kh3 Rd6 45. Re3+ Kd8
46. Qxh6 Qd7+ 47. g4 Qf7 48. Qh8+ Kd7 49. Qa8 Rd5 50. Qb7+ 1-0

[Event "Championnat de France - Open A"]
[Site "Nimes"]
[Date "2009.08.16"]
[Round "6.2"]
[White "Guennoun, Anthony"]
[Black "Ribeiro, Romain"]
[Result "1/2-1/2"]
[WhiteElo "2151"]
[BlackElo "2141"]
[PlyCount "44"]
[EventDate "2009.??.??"]

1. e4 c5 2. Nf3 d6 3. d4 cxd4 4. Qxd4 Nc6 5. Bb5 a6 6. Bxc6+ bxc6 7. c4 e5 8.
Qd3 Nf6 9. Nc3 Qc7 10. Bg5 Be6 11. Bxf6 gxf6 12. O-O Rg8 13. Ne2 Qd7 14. Ng3 d5
15. cxd5 cxd5 16. exd5 Qxd5 17. Qxh7 Rg6 18. Rfd1 Qb7 19. b3 Rc8 20. Qh4 Rg4
21. Qh7 Rg6 22. Qh4 Rg4 1/2-1/2

[Event "Championnat de France - Open A"]
[Site "Nimes"]
[Date "2009.08.16"]
[Round "6.3"]
[White "Benmesbah, Natacha"]
[Black "Billon, Olivier"]
[Result "0-1"]
[WhiteElo "2151"]
[BlackElo "1991"]
[PlyCount "66"]
[EventDate "2009.??.??"]

1. e4 c5 2. Nf3 Nc6 3. Bb5 d6 4. O-O Bd7 5. c3 a6 6. Ba4 b5 7. Bc2 Bg4 8. h3
Bxf3 9. Qxf3 e5 10. a4 Rb8 11. axb5 axb5 12. d3 Nf6 13. Re1 Be7 14. Nd2 O-O 15.
Nf1 Re8 16. Ng3 g6 17. Be3 b4 18. Ba4 Qc7 19. d4 cxd4 20. cxd4 exd4 21. Bxc6
Qxc6 22. Bxd4 Nd7 23. Rec1 Qb5 24. Nf5 Bf8 25. Qf4 Ne5 26. Nh6+ Bxh6 27. Qxh6
Rbc8 28. Rd1 Rc2 29. Rf1 Rec8 30. Rad1 Re2 31. b3 Rxe4 32. Rd2 Qxf1+ 33. Kh2
Rg4 0-1

[Event "Championnat de France - Open A"]
[Site "Nimes"]
[Date "2009.08.16"]
[Round "6.4"]
[White "Loiseau, Quentin"]
[Black "Muller, Anne"]
[Result "0-1"]
[WhiteElo "2093"]
[BlackElo "2130"]
[PlyCount "86"]
[EventDate "2009.??.??"]

1. Nf3 Nf6 2. c4 e6 3. g3 b6 4. Bg2 Bb7 5. O-O c5 6. Nc3 Be7 7. Re1 O-O 8. e4
d6 9. d4 cxd4 10. Nxd4 Qd7 11. Be3 Nc6 12. Rc1 Rac8 13. Nxc6 Bxc6 14. f4 Qb7
15. Bf2 Rfd8 16. g4 a6 17. g5 Nd7 18. Nd5 Bf8 19. Nb4 Nc5 20. Nxc6 Qxc6 21. b3
Qc7 22. f5 Nd7 23. g6 hxg6 24. fxe6 fxe6 25. Qg4 Re8 26. Bd4 Ne5 27. Qg3 Be7
28. Rcd1 Rf8 29. Kh1 Rf6 30. Bh3 Rcf8 31. Be3 g5 32. Bd4 Rh6 33. Rf1 Rxf1+ 34.
Rxf1 Qc6 35. Bg2 Rf6 36. Rd1 Rf4 37. Be3 Rf6 38. Bxg5 Rg6 39. Bxe7 Rxg3 40.
hxg3 Qe8 41. Bh4 g5 42. Rxd6 gxh4 43. gxh4 Qe7 0-1